[Event "Montigny le Bretonneux Noel op 15th"]
[Site "Montigny le Bretonneux"]
[Date "2012.12.31"]
[Round "7"]
[White "Krestinine, Nikita"]
[Black "Rodriguez, Jean Pierre"]
[Result "0-1"]
[WhiteElo "1465"]
[BlackElo "1610"]
[PlyCount "78"]
[EventDate "2012.12.26"]
[EventType "swiss"]
[EventRounds "7"]
[EventCountry "FRA"]
[SourceTitle "CBM 152 Extra"]
[Source "ChessBase"]
[SourceDate "2013.02.25"]
[SourceVersion "1"]
[SourceVersionDate "2013.02.25"]
[SourceQuality "1"]

1. d4 Nf6 2. c4 e6 3. Nc3 b6 4. Bg5 Bb7 5. e4 Be7 6. f3 0-0 7. a3 h6 8. Bh4 d6 9. Bd3 Nh5 10. Bxe7 Qxe7 11. Qd2 c6 12. Qe3 Qh4+ 13. Qf2 Nf4 14. Bf1 Qxf2+ 15. Kxf2 Nd7 16. g3 Ng6 17. Bh3 Nf6 18. Rd1 Rad8 19. Nge2 e5 20. d5 cxd5 21. cxd5 a6 22. Rc1 Bc8 23. Bf1 Nd7 24. b4 Ne7 25. Rb1 f5 26. Bg2 Nf6 27. Ke3 fxe4 28. fxe4 Ng4+ 29. Kd2 Nf2 30. Rhf1 Rf7 31. Nd1 Nxe4+ 32. Ke3 Rxf1 33. Bxf1 Nf6 34. Nec3 Nexd5+ 35. Nxd5 Nxd5+ 36. Ke4 Bb7 37. Kd3 Rf8 38. Bh3 Rf3+ 39. Kc4 b5# 0-1

[Event "Montigny le Bretonneux Noel op 15th"]
[Site "Montigny le Bretonneux"]
[Date "2012.12.28"]
[Round "4"]
[White "Krestinine, Nikita"]
[Black "Lecland, Elodie"]
[Result "1/2-1/2"]
[WhiteElo "1465"]
[BlackElo "1681"]
[PlyCount "91"]
[EventDate "2012.12.26"]
[EventType "swiss"]
[EventRounds "7"]
[EventCountry "FRA"]
[SourceTitle "CBM 152 Extra"]
[Source "ChessBase"]
[SourceDate "2013.02.25"]
[SourceVersion "1"]
[SourceVersionDate "2013.02.25"]
[SourceQuality "1"]

1. d4 Nf6 2. c4 c5 3. d5 b5 4. b3 bxc4 5. bxc4 d6 6. Bb2 g6 7. e4 Bg7 8. Qc2 Qb6 9. Qb3 Nbd7 10. Nd2 0-0 11. Bd3 Rb8 12. f3 Ba6 13. Ne2 Qc7 14. Qc2 Rxb2 15. Qxb2 Nxe4 16. Qa3 Bxa1 17. Qxa6 Nxd2 18. Kxd2 Bg7 19. Nc3 Rb8 20. Nb5 Qb7 21. Qxb7 Rxb7 22. Rb1 Ne5 23. Na3 Rxb1 24. Nxb1 Nxd3 25. Kxd3 Be5 26. h3 Kg7 27. Na3 Bb2 28. Nb5 a6 29. Nc7 a5 30. Nb5 Be5 31. Na7 Bb2 32. Nc6 a4 33. Nxe7 Kf6 34. Nc8 Be5 35. Nb6 a3 36. Nd7+ Kf5 37. Nxe5 Kxe5 38. Ke3 g5 39. g3 h6 40. f4+ gxf4+ 41. gxf4+ Kf5 42. Kf3 h5 43. Ke3 Kf6 44. Ke4 h4 45. Kf3 Kf5 46. Ke3 1/2-1/2

[Event "Montigny le Bretonneux Noel op 15th"]
[Site "Montigny le Bretonneux"]
[Date "2012.12.26"]
[Round "1"]
[White "Fayolle, Guy"]
[Black "Krestinine, Nikita"]
[Result "1-0"]
[WhiteElo "1820"]
[BlackElo "1465"]
[PlyCount "97"]
[EventDate "2012.12.26"]
[EventType "swiss"]
[EventRounds "7"]
[EventCountry "FRA"]
[SourceTitle "CBM 152 Extra"]
[Source "ChessBase"]
[SourceDate "2013.02.25"]
[SourceVersion "1"]
[SourceVersionDate "2013.02.25"]
[SourceQuality "1"]

1. e4 e6 2. d4 d5 3. Nd2 Nf6 4. e5 Nfd7 5. f4 c5 6. c3 Nc6 7. Ne2 c4 8. g3 b5 9. a3 a5 10. Bg2 Be7 11. 0-0 0-0 12. f5 exf5 13. Bxd5 Qc7 14. Rxf5 Nb6 15. Bxc6 Bxf5 16. Bxa8 Rxa8 17. Nf4 Rd8 18. Qf3 Bg5 19. Ne4 Bxf4 20. Qxf4 Bxe4 21. Qxe4 h6 22. Qg4 Qd7 23. Qf3 Qd5 24. Kf2 Kf8 25. Be3 Qxf3+ 26. Kxf3 Na4 27. Rb1 Ke7 28. g4 Ke6 29. h4 f6 30. exf6 Kxf6 31. g5+ Kg6 32. gxh6 gxh6 33. h5+ Kg7 34. Rg1+ Kh7 35. Rg2 Rf8+ 36. Bf4 Rf5 37. Kg4 Rf7 38. Re2 Rg7+ 39. Kf5 Rf7+ 40. Kg4 Rg7+ 41. Kh4 Rf7 42. Be5 Nb6 43. Bd6 Na4 44. Kg4 Rd7 45. Be5 Rf7 46. d5 Nc5 47. Bd4 Nb7 48. Re8 Rd7 49. Rh8# 1-0

[Event "Montigny le Bretonneux-C 11th"]
[Site "Montigny le Bretonneux"]
[Date "2012.11.01"]
[Round "6"]
[White "Engel, Gerard"]
[Black "Krestinine, Nikita"]
[Result "0-1"]
[WhiteElo "1684"]
[BlackElo "1403"]
[PlyCount "75"]
[EventDate "2012.10.27"]
[EventType "tourn"]
[EventRounds "9"]
[EventCountry "FRA"]
[SourceTitle "EXT 2014"]
[Source "ChessBase"]
[SourceDate "2013.11.20"]
[SourceVersion "1"]
[SourceVersionDate "2013.11.20"]
[SourceQuality "1"]

1. c4 e6 2. g3 Nf6 3. Bg2 d5 4. b3 dxc4 5. Nc3 Bb4 6. Bb2 0-0 7. Nf3 Nc6 8. bxc4 Qd7 9. 0-0 b6 10. a3 Bd6 11. Nb5 Be7 12. Ne5 Nxe5 13. Bxa8 Nxc4 14. Bxf6 Bxf6 15. Nc3 Nxd2 16. Rc1 Bxc3 17. Rxc3 Nxf1 18. Qxd7 Bxd7 19. Bg2 Nxh2 20. Kxh2 c5 21. e3 Rd8 22. Rd3 Kf8 23. a4 Ke7 24. Ra3 Rc8 25. Bf1 c4 26. Ra1 c3 27. Bb5 Bxb5 28. axb5 c2 29. Rc1 Rc4 30. Kg2 Kd6 31. Kf3 Kc5 32. Ke2 Kxb5 33. Kd2 a5 34. f3 a4 35. e4 a3 36. Ra1 c1Q+ 37. Rxc1 Rxc1 38. Kxc1 0-1

[Event "Montigny le Bretonneux-C 11th"]
[Site "Montigny le Bretonneux"]
[Date "2012.10.29"]
[Round "3"]
[White "Krestinine, Nikita"]
[Black "Bouloc, Roger"]
[Result "1-0"]
[WhiteElo "1403"]
[BlackElo "1450"]
[PlyCount "97"]
[EventDate "2012.10.27"]
[EventType "tourn"]
[EventRounds "9"]
[EventCountry "FRA"]
[SourceTitle "EXT 2014"]
[Source "ChessBase"]
[SourceDate "2013.11.20"]
[SourceVersion "1"]
[SourceVersionDate "2013.11.20"]
[SourceQuality "1"]

1. d4 d5 2. c4 e6 3. Nc3 Nf6 4. Bg5 Nbd7 5. e3 Bb4 6. Bd3 c6 7. Nge2 0-0 8. a3 dxc4 9. Bxc4 Bd6 10. Bf4 Qc7 11. Bxd6 Qxd6 12. h3 b5 13. Bd3 Bb7 14. 0-0 a6 15. b4 a5 16. Qb3 a4 17. Qc2 Rfd8 18. Rac1 e5 19. Ne4 Nxe4 20. Bxe4 Nf6 21. dxe5 Qxe5 22. Bf3 Rac8 23. Qc3 Qxc3 24. Rxc3 Rd6 25. Nd4 Nd5 26. Rc5 Ne7 27. Rfc1 g6 28. g4 h6 29. Re5 Kf8 30. h4 Rf6 31. Bg2 Ba8 32. Be4 Kg7 33. Rxe7 Kf8 34. Re5 Rd6 35. Rec5 Ke7 36. Nxc6+ Bxc6 37. Rxc6 Rcd8 38. Rxd6 Rxd6 39. Bc6 Rd3 40. Ra1 Kf6 41. Bxb5 Rc3 42. Bxa4 g5 43. h5 Ke5 44. Be8 f5 45. gxf5 Kxf5 46. Bg6+ Kg4 47. a4 Rc4 48. b5 Rf4 49. exf4 1-0

[Event "Montigny le Bretonneux-C 11th"]
[Site "Montigny le Bretonneux"]
[Date "2012.10.28"]
[Round "2"]
[White "Urtado, Olivier"]
[Black "Krestinine, Nikita"]
[Result "0-1"]
[WhiteElo "1626"]
[BlackElo "1403"]
[PlyCount "156"]
[EventDate "2012.10.27"]
[EventType "tourn"]
[EventRounds "9"]
[EventCountry "FRA"]
[SourceTitle "EXT 2014"]
[Source "ChessBase"]
[SourceDate "2013.11.20"]
[SourceVersion "1"]
[SourceVersionDate "2013.11.20"]
[SourceQuality "1"]

1. e4 e6 2. Nc3 d5 3. d4 Nf6 4. e5 Nfd7 5. Nf3 c5 6. Bd3 Nc6 7. 0-0 cxd4 8. Ne2 Ndxe5 9. Nxe5 Nxe5 10. Bb5+ Bd7 11. Nxd4 Bxb5 12. Nxb5 Qb6 13. a4 Nc4 14. b3 Nd6 15. Be3 Qd8 16. Nxa7 Nf5 17. Nb5 Nxe3 18. fxe3 Bc5 19. Qf3 0-0 20. Rad1 Qb6 21. Nd4 Rac8 22. Rd2 Rc7 23. Kh1 Rfc8 24. Nb5 Re7 25. Re2 Rd8 26. Rb1 Red7 27. b4 Bd6 28. Nd4 Ra8 29. c3 Rxa4 30. e4 Be5 31. exd5 Bxd4 32. dxe6 fxe6 33. cxd4 Qxd4 34. Rf2 Ra8 35. Rbf1 Qd6 36. b5 Rad8 37. h3 h6 38. g4 Qd5 39. Qxd5 Rxd5 40. Rb2 Rd1 41. Rxd1 Rxd1+ 42. Kg2 e5 43. Rc2 Rd5 44. b6 Rd6 45. Rb2 Kf7 46. Rb3 Kg6 47. Kf3 Rc6 48. Ke4 Kf6 49. Rb5 Rd6 50. Rb4 g5 51. Rb5 Re6 52. Rb4 Rc6 53. Rb3 Ke6 54. Ke3 Kd5 55. Rb5+ Rc5 56. Rb3 e4 57. Ke2 Kd4 58. Rb1 Rc2+ 59. Kf1 Kd3 60. Rb3+ Rc3 61. Rb5 e3 62. Rd5+ Ke4 63. Rd7 Kf3 64. Rf7+ Kg3 65. Ke2 Kxh3 66. Rxb7 Rb3 67. Kf3 e2+ 68. Kxe2 Kxg4 69. Kd2 h5 70. Kc2 Rb5 71. Kc3 h4 72. Kc4 Rb1 73. Kc5 h3 74. Re7 h2 75. Re4+ Kh5 76. Re8 h1Q 77. Rh8+ Kg4 78. Rxh1 Rxh1 0-1

[Event "Montigny le Bretonneux op 10th"]
[Site "Montigny le Bretonneux"]
[Date "2011.10.24"]
[Round "3"]
[White "Krestinine, Nikita"]
[Black "Fouliard, Matthieu"]
[Result "0-1"]
[WhiteElo "1410"]
[BlackElo "1440"]
[PlyCount "84"]
[EventDate "2011.10.22"]
[EventType "swiss"]
[EventRounds "9"]
[EventCountry "FRA"]
[SourceTitle "EXT 2012"]
[Source "ChessBase"]
[SourceDate "2011.11.24"]
[SourceVersion "1"]
[SourceVersionDate "2011.11.24"]
[SourceQuality "1"]

1. d4 f5 2. c4 e6 3. Nc3 Bb4 4. Bf4 Bxc3+ 5. bxc3 Nf6 6. e3 0-0 7. Nf3 b6 8. Bd3 Bb7 9. 0-0 d6 10. Qc2 Ne4 11. Rac1 Nd7 12. Bxe4 Bxe4 13. Qe2 Qe8 14. Nd2 Bb7 15. Bg3 Qg6 16. Rfd1 e5 17. d5 c6 18. e4 f4 19. Bh4 Qh6 20. Qg4 Nc5 21. Be7 Rf7 22. Qg5 Qxg5 23. Bxg5 h6 24. Nf3 Nxe4 25. Bh4 g5 26. Bxg5 hxg5 27. h4 gxh4 28. Nxh4 Ng5 29. Rc2 e4 30. Re2 Kg7 31. g3 fxg3 32. fxg3 Bc8 33. dxc6 Bg4 34. Rxd6 Bxe2 35. Rg6+ Kh7 36. Rxg5 Bxc4 37. Re5 Rf1+ 38. Kg2 Rf6 39. c7 Rc8 40. Re7+ Kh6 41. Rxe4 Bd5 42. Kh3 Bxe4 0-1

[Event "Montigny le Bretonneux Noel op 13th"]
[Site "Montigny le Bretonneux"]
[Date "2010.12.31"]
[Round "7"]
[White "Krestinine, Nikita"]
[Black "Guillet, Jacques"]
[Result "1/2-1/2"]
[WhiteElo "1190"]
[BlackElo "1568"]
[PlyCount "63"]
[EventDate "2010.12.26"]
[EventType "swiss"]
[EventRounds "7"]
[EventCountry "FRA"]
[SourceTitle "CBM 140 Extra"]
[Source "ChessBase"]
[SourceDate "2011.03.01"]
[SourceVersion "1"]
[SourceVersionDate "2011.03.01"]
[SourceQuality "1"]

1. d4 Nf6 2. c4 g6 3. Nc3 d5 4. e3 Bg7 5. Bd3 0-0 6. h3 c5 7. Nf3 Nc6 8. Qc2 cxd4 9. exd4 dxc4 10. Bxc4 Nxd4 11. Nxd4 Qxd4 12. Qd3 Qxd3 13. Bxd3 Rd8 14. Bc2 b6 15. 0-0 Bb7 16. Re1 e6 17. Bg5 h6 18. Be3 Rac8 19. Rad1 Nd5 20. Be4 Bxc3 21. bxc3 Rxc3 22. Bxh6 Kh7 23. Bc1 Rcc8 24. Bb2 Kg8 25. Kh2 Ba8 26. Bf3 Rc2 27. Re2 Rdc8 28. Rdd2 Rxd2 29. Rxd2 Kf8 30. g4 Ke8 31. Kg3 g5 32. Bxd5 1/2-1/2

[Event "Montigny le Bretonneux Noel op 13th"]
[Site "Montigny le Bretonneux"]
[Date "2010.12.30"]
[Round "6"]
[White "Krestinine, Nikita"]
[Black "Durez, Gerard"]
[Result "0-1"]
[WhiteElo "1190"]
[BlackElo "1633"]
[PlyCount "100"]
[EventDate "2010.12.26"]
[EventType "swiss"]
[EventRounds "7"]
[EventCountry "FRA"]
[SourceTitle "CBM 140 Extra"]
[Source "ChessBase"]
[SourceDate "2011.03.01"]
[SourceVersion "1"]
[SourceVersionDate "2011.03.01"]
[SourceQuality "1"]

1. d4 d5 2. c4 c6 3. Nc3 Nf6 4. Bg5 Bf5 5. e3 e6 6. Bd3 Bg4 7. Qxg4 Be7 8. Bxf6 Bxf6 9. Qd1 Nd7 10. Nge2 h5 11. 0-0 h4 12. h3 Qc7 13. Qd2 0-0-0 14. Nc1 g5 15. Be2 Be7 16. Nd3 f5 17. f3 Rdg8 18. Kh1 dxc4 19. Ne1 Qg3 20. Bxc4 Bd6 21. Kg1 g4 22. f4 gxh3 23. Qf2 Qg6 24. Kh1 hxg2+ 25. Qxg2 Qf6 26. Qh3 Rg3 27. Qh2 Rxe3 28. Ng2 Rg3 29. Ne2 Rg4 30. Rg1 Qh6 31. Ne3 Bxf4 32. Nxf4 Rxf4 33. Raf1 Rxd4 34. Bb3 Qxe3 35. Qf2 Qxf2 36. Rxf2 Rh6 37. Re1 Nc5 38. Rd1 Nxb3 39. Rxd4 Nxd4 40. Rd2 e5 41. Rg2 Kc7 42. Kg1 h3 43. Rh2 Nf3+ 44. Kf2 Nxh2 45. Kg3 Nf1+ 46. Kf2 h2 47. Kxf1 h1Q+ 48. Kf2 Rh3 49. Ke2 Qg2+ 50. Ke1 Rh1# 0-1

[Event "Montigny le Bretonneux Noel op 13th"]
[Site "Montigny le Bretonneux"]
[Date "2010.12.29"]
[Round "5"]
[White "Brisson, Michele"]
[Black "Krestinine, Nikita"]
[Result "1-0"]
[WhiteElo "1575"]
[BlackElo "1190"]
[PlyCount "65"]
[EventDate "2010.12.26"]
[EventType "swiss"]
[EventRounds "7"]
[EventCountry "FRA"]
[SourceTitle "CBM 140 Extra"]
[Source "ChessBase"]
[SourceDate "2011.03.01"]
[SourceVersion "1"]
[SourceVersionDate "2011.03.01"]
[SourceQuality "1"]

1. d4 d5 2. c4 e6 3. Nc3 Nf6 4. Nf3 Bb4 5. a3 Ba5 6. b4 Ne4 7. Nxe4 dxe4 8. Ng5 e5 9. dxe5 Qxd1+ 10. Kxd1 Nc6 11. bxa5 Nxe5 12. e3 Bf5 13. h4 f6 14. Nh3 0-0-0+ 15. Ke1 Nd3+ 16. Bxd3 exd3 17. Kd2 Rhe8 18. Bb2 Re4 19. Bd4 a6 20. Nf4 g5 21. hxg5 fxg5 22. Nd5 Re6 23. Rh5 Rg6 24. Ne7+ Kd7 25. Nxg6 hxg6 26. Rxg5 Kc6 27. f3 Rg8 28. e4 Be6 29. Kxd3 Bf7 30. Rb1 Rd8 31. Rc5+ Kd7 32. Rxb7 Kc8 33. Rcxc7# 1-0

[Event "Montigny le Bretonneux Noel op 13th"]
[Site "Montigny le Bretonneux"]
[Date "2010.12.27"]
[Round "3"]
[White "Spiette, Jean Michel"]
[Black "Krestinine, Nikita"]
[Result "1-0"]
[WhiteElo "1815"]
[BlackElo "1190"]
[PlyCount "113"]
[EventDate "2010.12.26"]
[EventType "swiss"]
[EventRounds "7"]
[EventCountry "FRA"]
[SourceTitle "CBM 140 Extra"]
[Source "ChessBase"]
[SourceDate "2011.03.01"]
[SourceVersion "1"]
[SourceVersionDate "2011.03.01"]
[SourceQuality "1"]

1. e4 e6 2. d4 d5 3. exd5 exd5 4. Nf3 Nf6 5. Be2 Bg4 6. 0-0 Be7 7. Re1 0-0 8. Nbd2 Nc6 9. c3 Re8 10. Nf1 h6 11. Ng3 Bd6 12. Be3 Ne4 13. Nf1 Qf6 14. Qb3 Rab8 15. Qxd5 Qg6 16. Nh4 Be6 17. Qxd6 Nxd6 18. Nxg6 fxg6 19. b3 Bf5 20. d5 Ne5 21. Bxa7 Rbd8 22. Bd4 b6 23. c4 Nb7 24. b4 Nd3 25. Bxd3 Bxd3 26. Ne3 b5 27. c5 Be4 28. Red1 Bxd5 29. Bxg7 Rxe3 30. fxe3 Kxg7 31. e4 Bxe4 32. Rxd8 Nxd8 33. Rd1 Nc6 34. Rd7+ Kf6 35. a3 Ke6 36. Rxc7 Kd5 37. Rf7 Ne5 38. Re7 Nc4 39. c6 Nb6 40. c7 Bf5 41. Re1 Kc6 42. Re5 Na8 43. Rxf5 Nxc7 44. Rf6+ Kd5 45. Rxg6 Kc4 46. Rc6+ Kb3 47. Rxc7 Kxa3 48. Rh7 Kxb4 49. Rxh6 Ka4 50. Rb6 Ka5 51. Rb8 b4 52. h4 Ka4 53. h5 b3 54. h6 Ka3 55. h7 Ka2 56. h8Q Ka3 57. Qa1# 1-0

[Event "Montigny le Bretonneux Noel op 13th"]
[Site "Montigny le Bretonneux"]
[Date "2010.12.26"]
[Round "1"]
[White "Habunek, Patrick"]
[Black "Krestinine, Nikita"]
[Result "0-1"]
[WhiteElo "1794"]
[BlackElo "1190"]
[PlyCount "76"]
[EventDate "2010.12.26"]
[EventType "swiss"]
[EventRounds "7"]
[EventCountry "FRA"]
[SourceTitle "CBM 140 Extra"]
[Source "ChessBase"]
[SourceDate "2011.03.01"]
[SourceVersion "1"]
[SourceVersionDate "2011.03.01"]
[SourceQuality "1"]

1. e4 e6 2. d4 d5 3. Nd2 c5 4. exd5 exd5 5. Ngf3 Nf6 6. Bb5+ Bd7 7. Bxd7+ Nbxd7 8. 0-0 cxd4 9. Nxd4 Be7 10. N2f3 0-0 11. Bf4 Bc5 12. c3 Re8 13. Re1 Rxe1+ 14. Qxe1 Bxd4 15. Nxd4 Qe8 16. Qxe8+ Rxe8 17. f3 h6 18. Rd1 Nc5 19. Kf2 Ne6 20. Be3 a6 21. Nc2 Rd8 22. Bd4 Kf8 23. Bxf6 gxf6 24. Nd4 Kg7 25. Nf5+ Kh7 26. g3 Rd7 27. Ke3 Kg6 28. Nd4 Rd8 29. Ne2 h5 30. Nf4+ Nxf4 31. Kxf4 b5 32. Ke3 Kf5 33. Kd4 Ke6 34. Kc5 Rc8+ 35. Kd4 b4 36. Rd3 Rc4+ 37. Ke3 bxc3 38. Rxc3 d4+ 0-1